Engineering calculations in radiactive heat transfer
Na minha lista:
| Main Authors: | , |
|---|---|
| Formato: | Livro |
| Idioma: | inglês |
| Publicado em: |
Oxford
Pergamon
1974
|
| Edição: | 1a. ed |
| Assuntos: | |
| Tags: |
Adicionar Tag
Sem tags, seja o primeiro a adicionar uma tag!
|
MARC
| LEADER | 00000nam a2200000 a 4500 | ||
|---|---|---|---|
| 001 | UCK9188 | ||
| 003 | CL-VaPUC | ||
| 008 | 060421e19740000UK |||||||||||||||||eng|d | ||
| 020 | |a 0080177867 | ||
| 082 | 0 | 4 | |a 536.33 |b GRA |2 21 |
| 100 | 0 | |a Gray, William Alan |e author |9 498918 | |
| 700 | 0 | |a Müller, Rudolph |e author |9 498919 | |
| 245 | 1 | 0 | |a Engineering calculations in radiactive heat transfer |
| 250 | |a 1a. ed | ||
| 300 | |a 161 p | ||
| 942 | |c BK | ||
| 945 | |d 20060421 00:00:00 |a cmena | ||
| 260 | |a Oxford |b Pergamon |c 1974 | ||
| 650 | 0 | |a Calor |9 260253 | |
| 650 | 0 | |a Radiación |9 259874 | |
| 650 | 0 | |a Transferencia de calor |9 336631 | |
| 650 | 0 | |a Modelos matemáticos |9 259437 | |
| 583 | |a last modification |c 20060421 00:00:00 |k Rodrigo Vera | ||
| 999 | |c 316463 |d 316461 | ||
| 952 | |0 0 |1 0 |4 0 |6 536_330000000000000_GRA_1974 |7 0 |8 A |9 390858 |a BIBING |b BIBING |d 2019-11-22 |i 4213858 |o 536.33 GRA 1974 |p 4213858 |r 2025-01-20 |w 2019-11-22 |y BK |k EIQ | ||